[Event "Lippstadt"]
[Site "Lippstadt"]
[Date "1997.??.??"]
[Round "5"]
[White "Homann, Stefan"]
[Black "Chiburdanidze, Maia"]
[Result "0-1"]
[WhiteElo "2250"]
[BlackElo "2525"]

1.d4 d5 2.c4 c6 3.Nc3 Nf6 4.Nf3 e6 5.e3 Nbd7 6.Qc2 Bd6 7.b3 O-O 8.Be2 e5
9.cxd5 cxd5 10.Nb5 Bb4+ 11.Bd2 Bxd2+ 12.Nxd2 e4 13.O-O a6 14.Nc3 Re8 15.Na4 Re6
16.Rfc1 Ne8 17.Nf1 Qg5 18.f4 exf3 19.Bxf3 Ndf6 20.Qc5 Rc6 21.Qe7 Re6 22.Qd8 Rd6
23.Qe7 Bd7 24.Nc5 Bc6 25.Qe5 Qg6 26.Ng3 Nd7 27.Nxd7 Rxd7 28.Nh5 Nc7 29.Nf4 Qh6
30.Qh5 Qd6 31.Re1 Re7 32.Rac1 Rae8 33.Kf2 f6 34.h4 Rd8 35.Qf5 g6 36.Qd3 Rf8
37.Ne2 Ne6 38.g3 Ng7 39.Kg2 Nf5 40.Nf4 Rfe8 41.h5 Rxe3 42.Rxe3 Rxe3  0-1

[Event "Lippstadt"]
[Site "Lippstadt"]
[Date "1997.??.??"]
[Round "6"]
[White "Comp Zugzwang"]
[Black "Chiburdanidze, Maia"]
[Result "0-1"]
[WhiteElo "2500"]
[BlackElo "2525"]

1.e4 c6 2.d4 d5 3.Nc3 dxe4 4.Nxe4 Bf5 5.Ng3 Bg6 6.h4 h6 7.Nf3 Nf6 8.Ne5 Bh7
9.Bc4 e6 10.Qe2 Nd5 11.Qh5 Qe7 12.Bd2 Nd7 13.O-O-O Nxe5 14.Qxe5 b5 15.Bxd5 cxd5
16.Bxh6 Rc8 17.Rd2 f6 18.Qh5+ Qf7 19.Qxf7+ Kxf7 20.Bf4 Bb4 21.c3 Be7 22.Re2 b4
23.Bd2 Rc6 24.Rhe1 Rb8 25.Kd1 Bb1 26.f4 f5 27.h5 Bf8 28.Re3 Bxa2 29.Ke2 Bc4+
30.Kf2 Ra6 31.Ne2 Bxe2 32.R1xe2 b3 33.Kf3 Rbb6 34.g4 fxg4+ 35.Kxg4 Ra2 36.Bc1 Ra1
37.Re1 a5 38.Re5 a4 39.f5 exf5+ 40.Rxf5+ Rf6 41.h6 Kg8 42.hxg7 Bxg7 43.Rg5 a3
44.Rxg7+ Kxg7 45.Bh6+ Kxh6 46.Rxa1 a2 47.Rh1+ Kg6 48.Kg3 Rc6  0-1

[Event "Lippstadt"]
[Site "Lippstadt"]
[Date "1997.??.??"]
[Round "7"]
[White "Chiburdanidze, Maia"]
[Black "Stangl, Markus"]
[Result "1/2-1/2"]
[WhiteElo "2525"]
[BlackElo "2530"]

1.d4 d5 2.c4 e6 3.Nf3 c6 4.e3 f5 5.Ne5 Nf6 6.Bd3 Be7 7.cxd5 cxd5 8.O-O O-O
9.Nc3 Nbd7 10.Nxd7 Bxd7 11.Qb3 Bc6 12.Ne2 Qd7 13.a4 Bd6 14.Bd2 Qe7 15.Rfc1 a6
16.Be1 g5 17.f3 Nh5 18.Ng3 Nxg3 19.Bxg3 Rf6 20.Bxd6 Qxd6 21.Qa3 Qc7 22.Qc3 Rh6
23.g3 Qf7 24.f4 Qd7 25.fxg5 Rg6 26.b4 Bxa4 27.Qc7 Qxc7 28.Rxc7 b5 29.Bc2 Bxc2
30.Rxc2 Rxg5 31.Rc6 e5 32.dxe5 Rg4 33.Raxa6 Rxa6 34.Rxa6 Rxb4 35.Kf2 d4 36.exd4 Rxd4
37.Rf6 b4 38.Rxf5 b3 39.e6 Re4  1/2-1/2

[Event "Lippstadt"]
[Site "Lippstadt"]
[Date "1997.??.??"]
[Round "9"]
[White "Chiburdanidze, Maia"]
[Black "McShane, Luke J"]
[Result "1-0"]
[WhiteElo "2525"]
[BlackElo "2455"]

1.c4 Nf6 2.g3 g6 3.Bg2 Bg7 4.Nc3 O-O 5.e4 d6 6.Nge2 Nbd7 7.O-O c6 8.d3 Rb8
9.h3 a6 10.a4 a5 11.f4 Qb6+ 12.Kh1 e5 13.f5 Nc5 14.Be3 Nfd7 15.Rb1 Re8 16.b3 Qc7
17.g4 Na6 18.Rb2 Nb4 19.Ng3 Nc5 20.Rd2 b6 21.h4 Bb7 22.h5 d5 23.Bxc5 bxc5
24.g5 Red8 25.Qf3 dxc4 26.bxc4 Rd6 27.Nd1 Ba6 28.Bh3 Rbd8 29.Nf2 Bf8 30.Ng4 Nxd3
31.fxg6 Nf4 32.Rxd6 Rxd6 33.gxh7+ Kxh7 34.Nxe5 Nxh3 35.Nxf7 Bxc4 36.Nxd6 Bxd6
37.Qf5+ Kh8 38.Qf6+ Kg8 39.Qg6+ Kh8 40.Qh6+ Kg8 41.Rf6 Nf4 42.Rxd6 Qb8 43.Rd2 Bd3
44.g6 Qc7 45.Rf2 Ne6 46.Rf7  1-0

[Event "Lippstadt"]
[Site "Lippstadt"]
[Date "1997.??.??"]
[Round "10"]
[White "Liang Jinrong"]
[Black "Chiburdanidze, Maia"]
[Result "1/2-1/2"]
[WhiteElo "2425"]
[BlackElo "2525"]

1.e4 c6 2.d4 d5 3.Nd2 dxe4 4.Nxe4 Bf5 5.Ng3 Bg6 6.h4 h6 7.Nf3 Nf6 8.Ne5 Bh7
9.Bc4 e6 10.Qe2 Nd5 11.Qf3 Qf6 12.Qb3 Nb4 13.Nd3 b5 14.Nxb4 Qxd4 15.Nxc6 Qxc4
16.Qxc4 bxc4 17.Ne5 Bxc2 18.Bd2 Nd7 19.Nxc4 Bd3 20.Rc1 Be7 21.Nh5 O-O 22.Nf4 Bh7
23.g3 Rfc8 24.Ke2 g5 25.hxg5 hxg5 26.Nd3 Be4 27.Rhe1 f6 28.f3 Bd5 29.b3 Kf7
30.Bb4 Rh8 31.Bxe7 Kxe7 32.Ne3 Bb7 33.Rh1 Ba6 34.Nc4 Rac8 35.Rxh8  1/2-1/2

[Event "JUG-chT (Women)"]
[Site "Niksic"]
[Date "1997.??.??"]
[Round "1"]
[White "Peptan, Corina"]
[Black "Chiburdanidze, Maia"]
[Result "1/2-1/2"]
[WhiteElo "2460"]
[BlackElo "2525"]

1.e4 d5 2.exd5 Nf6 3.d4 Nxd5 4.Nf3 g6 5.Be2 Bg7 6.O-O O-O 7.Re1 c5 8.dxc5 Na6
9.Bxa6 bxa6 10.Nbd2 Qc7 11.Nb3 Bb7 12.Qe2 e5 13.Bd2 Rac8 14.c4 Ne7 15.Bc3 Nc6
16.Red1 f5 17.Qd2 Rcd8 18.Qc2 Rde8 19.Qd2 e4 20.Bxg7 Qxg7 21.Nfd4 Ne5 22.c6 Bc8
23.Nc5 Qe7 24.Ndb3 Rd8 25.Qe2 Nxc6 26.Rxd8 Rxd8 27.Rd1 Re8 28.Qd2 Rd8 29.Qe2 Re8
30.Qd2 Rd8 31.Qe2  1/2-1/2

[Event "JUG-chT (Women)"]
[Site "Niksic"]
[Date "1997.??.??"]
[Round "2"]
[White "Chiburdanidze, Maia"]
[Black "Matveeva, Svetlana"]
[Result "1/2-1/2"]
[WhiteElo "2525"]
[BlackElo "2470"]

1.d4 e6 2.c4 b6 3.a3 Bb7 4.Nc3 f5 5.d5 Nf6 6.g3 Na6 7.Bg2 Nc5 8.Nh3 Bd6 9.Qc2 Be5
10.O-O O-O 11.Nf4 Qe7 12.Be3 Nce4 13.Nxe4 Nxe4 14.Rad1 c5 15.b3 Bxf4 16.Bxf4 exd5
17.cxd5 Rae8 18.Rfe1 Qf6 19.Bc1 Ba6 20.Bb2 Qg6 21.f3 Ng5 22.b4 d6 23.f4 Ne4
24.Qa4 Bc4 25.bxc5 b5 26.Qxa7 Nxc5 27.Bf3 Rf7 28.Qb6 Rfe7 29.Be5 dxe5 30.Qxc5 e4
31.Bg2 Rd7 32.a4 Qd6 33.Qxd6 Rxd6 34.axb5 Bxb5 35.Bh3 g6 36.g4 Bd7 37.gxf5 Bxf5
38.Bxf5 gxf5 39.Kf2 Red8 40.Rg1+ Kf7 41.Rg5 Rxd5 42.Rdg1 R8d7 43.Rg8 R5d6
44.R1g7+ Kf6 45.Rg5 Rd8  1/2-1/2

[Event "JUG-chT (Women)"]
[Site "Niksic"]
[Date "1997.??.??"]
[Round "3"]
[White "Khurtsidze, Nino"]
[Black "Chiburdanidze, Maia"]
[Result "0-1"]
[WhiteElo "2415"]
[BlackElo "2525"]

1.d4 Nf6 2.Nf3 e6 3.c4 b6 4.a3 Ba6 5.Qc2 Bb7 6.Nc3 c5 7.e4 cxd4 8.Nxd4 Nc6
9.Nxc6 Bxc6 10.Bf4 Nh5 11.Be3 Bc5 12.Qd2 O-O 13.Be2 Nf6 14.O-O Nxe4 15.Nxe4 Bxe4
16.Bxc5 bxc5 17.Qe3 d5 18.Qxc5 Qf6 19.b4 d4 20.Rad1 Rfd8 21.Bd3 Rdc8 22.Qb5 a6
23.Qd7 Bxd3 24.Rxd3 Rxc4 25.Rf3 Qg6 26.h3 Rac8 27.Qd6 Qe4 28.Qxa6 h6 29.Qd6 e5
30.b5 R4c5 31.b6 Qb7 32.Re1 Rd5 33.Qb4 d3 34.Rd1 Rd4 35.Qb3 e4 36.Rf5 Rd6
37.Rb1 d2 38.Rb5 Rc1+ 39.Kh2 Rxb1 40.Qxb1 d1=Q 41.Rg5  0-1

[Event "JUG-chT (Women)"]
[Site "Niksic"]
[Date "1997.??.??"]
[Round "5"]
[White "Chiburdanidze, Maia"]
[Black "Manakova, Maria"]
[Result "1/2-1/2"]
[WhiteElo "2525"]
[BlackElo "2345"]

1.d4 f5 2.c4 Nf6 3.g3 e6 4.Bg2 Bb4+ 5.Nd2 O-O 6.Nf3 d6 7.O-O Bxd2 8.Nxd2 Nc6
9.d5 exd5 10.cxd5 Ne7 11.Nb1 b5 12.a3 Bb7 13.Nc3 a5 14.Bg5 b4 15.Na2 Ne4
16.Bxe7 Qxe7 17.axb4 Qe5 18.bxa5 Rxa5 19.Nb4 Rxa1 20.Qxa1 Bxd5  1/2-1/2

[Event "JUG-chT (Women)"]
[Site "Niksic"]
[Date "1997.??.??"]
[Round "8"]
[White "Prudnikova, Svetlana"]
[Black "Chiburdanidze, Maia"]
[Result "1/2-1/2"]
[WhiteElo "2385"]
[BlackElo "2525"]

1.Nf3 Nf6 2.c4 e6 3.Nc3 Bb4 4.Qc2 O-O 5.a3 Bxc3 6.Qxc3 b6 7.g3 Bb7 8.Bg2 d6
9.O-O Nbd7 10.b4 Qe7 11.d3 c5 12.Bg5  1/2-1/2

[Event "JUG-chT (Women)"]
[Site "Niksic"]
[Date "1997.??.??"]
[Round "11"]
[White "Chiburdanidze, Maia"]
[Black "Bojkovic, Natasa"]
[Result "1/2-1/2"]
[WhiteElo "2525"]
[BlackElo "2415"]

1.d4 Nf6 2.c4 e6 3.Nc3 Bb4 4.e3 O-O 5.Ne2 d5 6.a3 Be7 7.cxd5 exd5 8.b4 c6
9.Ng3 Ne8 10.Bd3 Nd6 11.O-O Be6 12.a4 Nd7 13.b5 c5 14.Nce2 cxd4 15.Nxd4 Nf6
16.Ba3 Rc8 17.a5 Qd7 18.Qb3 Nc4 19.Bxe7 Qxe7 20.Qa2 a6 21.Rfb1 axb5 22.Rxb5 Rc7
23.Nge2 Bd7 24.Rb3 Ra8 25.Rc3 b5 26.Nb3 Rca7 27.Ned4 Qe8 28.Qb1 b4 29.Rxc4 dxc4
30.Bxc4 Rc7  1/2-1/2

[Event "RUS-Cup4"]
[Site "Perm"]
[Date "1997.??.??"]
[Round "9"]
[White "Chiburdanidze, Maia"]
[Black "Beshukov, Sergei"]
[Result "1-0"]
[WhiteElo "2535"]
[BlackElo "2435"]

1.d4 d5 2.c4 c6 3.Nf3 e6 4.Nbd2 Nf6 5.e3 c5 6.b3 cxd4 7.exd4 Be7 8.Bb2 b6
9.Rc1 dxc4 10.bxc4 O-O 11.Bd3 Bb7 12.O-O Nc6 13.Qe2 Rc8 14.Rfd1 Qd6 15.Nf1 Rfd8
16.Ng3 Qb8 17.d5 exd5 18.Nf5 dxc4 19.Bxc4 Bc5 20.Nxg7 Rd6 21.Nf5 Re6 22.Bxe6  1-0

[Event "EU-chT (Women)"]
[Site "Pula"]
[Date "1997.??.??"]
[Round "1"]
[White "Hagarova, Zuzana"]
[Black "Chiburdanidze, Maia"]
[Result "0-1"]
[WhiteElo "2275"]
[BlackElo "2535"]

1.e4 c6 2.d4 d5 3.exd5 cxd5 4.c4 Nf6 5.Nc3 e6 6.Nf3 Bb4 7.Bd2 O-O 8.c5 b6
9.cxb6 Qxb6 10.Bd3 Nc6 11.Bg5 Ne4 12.O-O Bxc3 13.bxc3 Ba6 14.Rc1 Na5 15.Re1 Bxd3
16.Qxd3 Rfc8 17.Bf4 Nc4 18.Rxe4 dxe4 19.Qxe4 Qc6 20.Qe2 Qd5 21.Ne1 a5 22.Nd3 Ra6
23.Re1 Rb6 24.h4 h6 25.Qg4 Kf8 26.Nc5 Rcc6 27.Be5 f6 28.Bxf6 gxf6 29.Qg6 e5
30.Qxh6+ Ke7 31.f4 Rb2 32.Qg7+ Qf7 33.Qg4 Kd8 34.fxe5 fxe5 35.Rf1 Rg6 36.Rxf7 Rxg4  0-1

[Event "EU-chT (Women)"]
[Site "Pula"]
[Date "1997.??.??"]
[Round "2"]
[White "Chiburdanidze, Maia"]
[Black "Botsari Miladinovic, Anna Maria"]
[Result "1-0"]
[WhiteElo "2535"]
[BlackElo "2330"]

1.c4 e5 2.g3 Nf6 3.Bg2 d5 4.cxd5 Nxd5 5.Nf3 Nc6 6.O-O Nb6 7.d3 Be7 8.a3 a5
9.Nbd2 Be6 10.b3 O-O 11.Bb2 f6 12.Qc2 Nd7 13.Bc3 Qe8 14.Qb2 Nc5 15.Rfc1 Qf7
16.Rab1 Bd5 17.Qc2 Rfd8 18.b4 axb4 19.axb4 Ra2 20.Qd1 Ne6 21.e4 Rxd2 22.Bxd2 Ba2
23.Rb2 Ned4 24.Nxd4 Rxd4 25.b5 Nb4 26.Rxc7 Nxd3 27.Rxa2 Qxa2 28.Rxe7 Kf8
29.Rxb7 Nc5 30.Rb8+ Ke7 31.Qh5 Rxd2  1-0

[Event "EU-chT (Women)"]
[Site "Pula"]
[Date "1997.??.??"]
[Round "3"]
[White "Chiburdanidze, Maia"]
[Black "Lalic, Susan"]
[Result "1-0"]
[WhiteElo "2535"]
[BlackElo "2405"]

1.d4 e6 2.c4 Bb4+ 3.Nc3 f5 4.e3 Nf6 5.Bd3 b6 6.Ne2 Bb7 7.f3 O-O 8.Qc2 c5
9.a3 Bxc3+ 10.Qxc3 Nc6 11.b4 cxb4 12.axb4 b5 13.d5 Ne7 14.dxe6 dxe6 15.Nd4 bxc4
16.Qxc4 Bd5 17.Qa6 Nc6 18.Nxc6 Bxc6 19.Qxc6 Qxd3 20.Qxe6+ Kh8 21.Qa6 Qc2
22.O-O Nd5 23.Qa4 Rfc8 24.Qxc2 Rxc2 25.e4 Nxb4 26.exf5 h6 27.Rd1 Re8 28.Bf4 Ree2
29.g4 a5 30.Rxa5 Nd3 31.Bg3 Nf2 32.Bxf2 Rxf2 33.Ra8+ Kh7 34.Rdd8  1-0

[Event "EU-chT (Women)"]
[Site "Pula"]
[Date "1997.??.??"]
[Round "5"]
[White "Danielian, Elina"]
[Black "Chiburdanidze, Maia"]
[Result "1/2-1/2"]
[WhiteElo "2345"]
[BlackElo "2535"]

1.d4 d5 2.Nf3 Nf6 3.Bf4 g6 4.Nbd2 Bg7 5.e3 O-O 6.h3 c5 7.Be2 Nc6 8.c3 b6
9.O-O Bb7 10.Ne5 Nd7 11.Nxc6 Bxc6 12.Nf3 e6 13.a4 a5 14.Qb3 Re8 15.Rfd1 Qc8
16.Rac1 Qb7 17.Bg3 Rac8 18.Qa2 Ra8 19.b3 Rec8  1/2-1/2

[Event "EU-chT (Women)"]
[Site "Pula"]
[Date "1997.??.??"]
[Round "6"]
[White "Chiburdanidze, Maia"]
[Black "Brustman, Agnieszka"]
[Result "1-0"]
[WhiteElo "2535"]
[BlackElo "2415"]

1.c4 Nf6 2.Nc3 g6 3.e4 d6 4.g3 Bg7 5.Bg2 e5 6.Nge2 c5 7.d3 Be6 8.O-O Qd7
9.f4 Bh3 10.f5 Bg4 11.Bg5 gxf5 12.h3 Bxe2 13.Qxe2 Nc6 14.exf5 Nd4 15.Qd1 O-O-O
16.Bxf6 Bxf6 17.Nd5 Bg5 18.h4 Bh6 19.Kh2 Kb8 20.Rb1 Nc6 21.a3 Rdf8 22.f6 Rfg8
23.Be4 Qg4 24.Qe1 Nd4 25.b4 b6 26.Rb2 cxb4 27.axb4 b5 28.cxb5 Rc8 29.Qf2 Rc1
30.Rxc1 Bxc1 31.Ra2 Rg8 32.Ne7 Rd8 33.Nc6+  1-0

[Event "EU-chT (Women)"]
[Site "Pula"]
[Date "1997.??.??"]
[Round "7"]
[White "Galliamova, Alisa"]
[Black "Chiburdanidze, Maia"]
[Result "1/2-1/2"]
[WhiteElo "2440"]
[BlackElo "2535"]

1.d4 Nf6 2.c4 e6 3.Nf3 Bb4+ 4.Bd2 Qe7 5.g3 Nc6 6.Nc3 Bxc3 7.Bxc3 Ne4 8.Qc2 Nxc3
9.Qxc3 O-O 10.Bg2 d6 11.d5 Nd8 12.O-O e5 13.e4 f5 14.exf5 Bxf5 15.Rae1 Nf7
16.Nh4 Bd7 17.f4 Qd8 18.c5 Bb5 19.Rf2 exf4 20.a4 Bxa4 21.Rxf4 Bb5 22.Nf5 Ne5
23.Rxe5 dxe5 24.Qxe5 Rxf5 25.Qe6+ Kh8 26.Qxf5 Qe7  1/2-1/2

[Event "Belgrade (Women)"]
[Site "Belgrade"]
[Date "1998.03.04"]
[Round "1"]
[White "Chiburdanidze, Maia"]
[Black "Matveeva, Svetlana"]
[Result "1/2-1/2"]
[WhiteElo "2535"]
[BlackElo "2460"]

1.c4 b6 2.Nc3 Bb7 3.e4 e6 4.Nf3 Bb4 5.Bd3 Ne7 6.Qb3 Na6 7.Bb1 O-O 8.Ne2 f5
9.O-O fxe4 10.Ng5 Nf5 11.Nxe4 Bxe4 12.Bxe4 Nc5 13.Qc2 Nxe4 14.Qxe4 Qh4 15.Qxh4 Nxh4
16.d4 Bd6 17.Bg5 Nf5 18.Rad1 c6 19.Rd3  1/2-1/2

[Event "Belgrade (Women)"]
[Site "Belgrade"]
[Date "1998.03.05"]
[Round "2"]
[White "Cramling, Pia"]
[Black "Chiburdanidze, Maia"]
[Result "1/2-1/2"]
[WhiteElo "2535"]
[BlackElo "2535"]

1.d4 Nf6 2.c4 e6 3.Nf3 b6 4.g3 Ba6 5.Nbd2 c5 6.e4 cxd4 7.e5 Ng4 8.h3 Nh6
9.Bg2 Nc6 10.O-O Nf5 11.a3 Be7 12.b4 Bb7 13.g4 Nh4 14.Nxh4 Bxh4 15.Ne4 Be7
16.Bg5 O-O 17.Bxe7 Nxe7 18.Qxd4 Ng6 19.f4 Nh4 20.Bh1 Bxe4 21.Bxe4 Rc8 22.Rac1 f5
23.exf6 Rxf6 24.Qe5 Ng6 25.Bxg6 hxg6 26.Kg2 Qc7 27.Qxc7 Rxc7 28.c5 bxc5 29.Rxc5 Rxc5
30.bxc5 Rf8 31.Rd1 Rxf4 32.Rxd7 Rc4 33.Re7 Rxc5 34.Rxe6  1/2-1/2

[Event "Belgrade (Women)"]
[Site "Belgrade"]
[Date "1998.03.07"]
[Round "4"]
[White "Zhukova, Natalia"]
[Black "Chiburdanidze, Maia"]
[Result "1-0"]
[WhiteElo "2395"]
[BlackElo "2535"]

1.d4 Nf6 2.Nf3 e6 3.c4 b6 4.e3 Bb7 5.Bd3 d5 6.cxd5 exd5 7.O-O Bd6 8.Nc3 O-O
9.b3 a6 10.Bb2 Nbd7 11.Rc1 Ne4 12.Ne2 Re8 13.Ng3 Qf6 14.Bxe4 dxe4 15.Ne5 Nf8
16.Qc2 Qh4 17.Nf5 Qf6 18.Ng3 Qh4 19.Nf5 Qg5 20.Nxd6 cxd6 21.Qc7 Bd5 22.Qxd6 Rad8
23.Qxb6 f6 24.Nc6 Ng6 25.Kh1 Rd7 26.Nb4 Nh4 27.Rg1 Be6 28.Rc8 Re7 29.Nc6 Bxc8
30.Nxe7+ Rxe7 31.Qd8+ Kf7 32.Qxc8 Qa5 33.a4  1-0

[Event "Belgrade (Women)"]
[Site "Belgrade"]
[Date "1998.03.09"]
[Round "6"]
[White "Prudnikova, Svetlana"]
[Black "Chiburdanidze, Maia"]
[Result "1/2-1/2"]
[WhiteElo "2420"]
[BlackElo "2535"]

1.Nf3 Nf6 2.c4 e6 3.Nc3 Bb4 4.Qc2 c5 5.a3 Bxc3 6.Qxc3 d6 7.b4 Nbd7 8.g3 b6
9.Bg2 Bb7 10.O-O Rc8 11.d3 O-O 12.Bb2 d5 13.e3 cxb4 14.axb4 dxc4 15.dxc4 Bd5
16.Rxa7 Rxc4 17.Qa3 Qb8 18.b5 Rc5 19.Bxf6 Nxf6 20.Nd4 Bxg2 21.Kxg2 Qd6 22.Qb3 g6
23.Nc6 Qd5+ 24.Qxd5 Nxd5 25.Rb1 Nc3 26.Rb3 Nxb5 27.Rb7  1/2-1/2

[Event "Belgrade (Women)"]
[Site "Belgrade"]
[Date "1998.03.10"]
[Round "7"]
[White "Chiburdanidze, Maia"]
[Black "Vasilevich, Tatjana"]
[Result "1-0"]
[WhiteElo "2535"]
[BlackElo "2410"]

1.d4 d5 2.c4 e6 3.Nc3 Nf6 4.Bg5 Bb4 5.e3 Nbd7 6.cxd5 exd5 7.Bd3 c5 8.Ne2 Qa5
9.O-O c4 10.Bc2 O-O 11.f3 Re8 12.a3 Bf8 13.Qd2 h6 14.Bh4 b5 15.e4 Qb6 16.Kh1 Bb7
17.e5 Nh7 18.Nf4 g5 19.Nfxd5 Qa5 20.Bg3 Rad8 21.Be4 Bxd5 22.Bxd5 Qb6 23.Be4 Bg7
24.Nd5 Qa6 25.Nc7 Qb6 26.Nxe8 Rxe8 27.f4 gxf4 28.Bxh7+ Kxh7 29.Qxf4 Re7 30.Bh4 Re6
31.Qxf7 Qc6 32.d5 Qxd5 33.Bf6 Nxf6 34.exf6  1-0

[Event "Belgrade (Women)"]
[Site "Belgrade"]
[Date "1998.03.11"]
[Round "8"]
[White "Chiburdanidze, Maia"]
[Black "Bojkovic, Natasa"]
[Result "1-0"]
[WhiteElo "2535"]
[BlackElo "2420"]

1.d4 Nf6 2.c4 e6 3.Nc3 Bb4 4.e3 O-O 5.Bd3 c5 6.Ne2 d5 7.cxd5 cxd4 8.exd4 Nxd5
9.O-O Nc6 10.Nxd5 Qxd5 11.a3 Be7 12.Be3 Qh5 13.Nc3 Qxd1 14.Rfxd1 Bf6 15.Be4 Bd7
16.Rab1 Rfd8 17.d5 Na5 18.dxe6 Bxe6 19.Nd5 Bxd5 20.Bxd5 Rd7 21.b4 Rad8 22.Bxf7+ Kxf7
23.Rxd7+ Rxd7 24.bxa5 a6 25.g3 Bd8 26.Bb6 Be7 27.Rb3 Rd5 28.Kg2 Rd7 29.Kf3 Ke6
30.Ke4 Bf6 31.g4 g6 32.f4 Kf7 33.Rh3 Kg8 34.f5 Kg7 35.Rg3 Kf7 36.Rf3 Kg7
37.Rd3 Rxd3 38.Kxd3 Kf7 39.Ke4 Ke7 40.Bc5+ Kd7 41.Kd5 Bc3 42.h3 gxf5 43.gxf5 Bf6
44.Bd4 Be7 45.f6 Bxa3 46.Bc5  1-0

[Event "Belgrade (Women)"]
[Site "Belgrade"]
[Date "1998.03.12"]
[Round "9"]
[White "Stefanova, Antoaneta"]
[Black "Chiburdanidze, Maia"]
[Result "1-0"]
[WhiteElo "2480"]
[BlackElo "2535"]

1.d4 Nf6 2.Nf3 e6 3.Bg5 d5 4.e3 Be7 5.Nbd2 O-O 6.Bd3 b6 7.Ne5 Bb7 8.Qf3 Nbd7
9.Qh3 Ne4 10.Bxe7 Qxe7 11.Nxd7 Qxd7 12.f3 Ng5 13.Qh5 h6 14.g4 e5 15.h4 e4
16.hxg5 exd3 17.gxh6 g6 18.Qg5 Qd6 19.cxd3 Kh7 20.Qe5 Qxe5 21.dxe5 Rae8 22.d4 f6
23.f4 fxe5 24.fxe5 g5 25.Rc1 c5 26.dxc5 Bc8 27.cxb6 axb6 28.Rc7+ Kh8 29.Rf1 Rxf1+
30.Nxf1 Bxg4 31.Rc6 b5 32.Nh2 Bh5 33.e6 Kh7 34.Rd6 Kxh6 35.e7+ Kh7 36.Rxd5 Rxe7
37.Nf1 Bf7 38.Rxb5 Bxa2 39.Rxg5 Bc4 40.Rg3 Rb7 41.Rg2 Rb3 42.e4 Rb4 43.Ng3 Kg6
44.Kd1 Bd3 45.Rd2 Rb3 46.e5 Kf7 47.Ne2 Bc4 48.Rc2 Rd3+ 49.Ke1 Bb3 50.Rc7+ Ke8
51.Nc1 Rh3 52.Nxb3 Rxb3 53.Rc2 Ke7 54.Kd1 Ke6 55.Re2 Rb8 56.Kc2 Rc8+ 57.Kb1 Rb8
58.Re3 Rb5 59.Kc2 Rc5+ 60.Kd3 Rc6 61.b4 Rc8 62.Kd4 Rd8+ 63.Kc4 Rc8+ 64.Kb3 Rb8
65.Re2  1-0

[Event "Cancan Veterans-Women"]
[Site "Roquebrune"]
[Date "1998.09.07"]
[Round "1"]
[White "Portisch, Lajos"]
[Black "Chiburdanidze, Maia"]
[Result "0-1"]
[WhiteElo "2595"]
[BlackElo "2525"]

1.d4 Nf6 2.c4 e6 3.Nf3 b6 4.g3 Ba6 5.b3 Bb4+ 6.Bd2 Be7 7.Bg2 Bb7 8.O-O d5
9.cxd5 exd5 10.Nc3 O-O 11.Qc2 Na6 12.Rad1 Qc8 13.Bc1 Rd8 14.Bb2 h6 15.Qb1 c5
16.e3 Nc7 17.Rc1 Qd7 18.dxc5 bxc5 19.Rfd1 Ne6 20.Qf5 Qe8 21.Ne1 g6 22.Qb1 Rab8
23.Ne2 Ne4 24.Nd3 g5 25.Qa1 Rbc8 26.Nc3 f5 27.Ne5 h5 28.f3 Nxc3 29.Bxc3 d4
30.Ba5 Rd5 31.f4 Rxe5 32.Bxb7 Rxe3 33.Bd2 gxf4 34.gxf4 Re2 35.Qb1 Qd7 36.Bf3 d3
37.Bc3 Re3 38.Kf2 Rxf3+ 39.Kxf3 Qd5+ 40.Kg3 Nxf4 41.Rg1 Kf7 42.Rce1 Rg8+
43.Kxf4 Bd6+ 44.Be5 Bxe5+  0-1

[Event "Cancan Veterans-Women"]
[Site "Roquebrune"]
[Date "1998.09.08"]
[Round "2"]
[White "Chiburdanidze, Maia"]
[Black "Hort, Vlastimil"]
[Result "1-0"]
[WhiteElo "2525"]
[BlackElo "2525"]

1.d4 d5 2.c4 c6 3.e3 Bf5 4.Qb3 Qb6 5.cxd5 Bxb1 6.Qxb6 axb6 7.Rxb1 cxd5 8.Ne2 e6
9.Nc3 Nc6 10.Bb5 Nf6 11.a3 Be7 12.Bd2 O-O 13.Na4 Na7 14.Bd3 Nc8 15.Nc3 Nd6
16.Ke2 Nfe4 17.Nxe4 Nxe4 18.Be1 Rfc8 19.f3 Nd6 20.Bb4 Kf8 21.Rhc1 Nc4 22.Be1 Rc6
23.Rc3 Rac8 24.Rb3 Nd6 25.e4 h5 26.Bc3 g6 27.a4 Bd8 28.Kf2 Kg7 29.Re1 Ra8
30.Rb4 Ra5 31.exd5 exd5 32.Re5 Bh4+ 33.g3 Bf6 34.Re2 Ra8 35.f4 Rd8 36.h3 Kf8
37.Kf3 Be7 38.Rb3 Bf6 39.g4 hxg4+ 40.hxg4 Ra8 41.Bb5 Nxb5 42.Rxb5 g5 43.fxg5 Bxg5
44.Rxd5 Rf6+ 45.Kg2 Rg6 46.a5 bxa5 47.Bxa5 Kg7 48.Re4 Bc1 49.Bc3 Rb6 50.Re2 Ra2
51.Rd8 Rb3 52.Rc8 Bxb2 53.d5+ Bxc3 54.Rxa2 Be5 55.Rd2 Rg3+ 56.Kf2 Rh3 57.Rd1 Rh6
58.Rd8 Bd6 59.Kf3 b5 60.Rc1 Rf6+ 61.Ke2 Be5 62.Re8 Bg3 63.Rc6 Rf2+ 64.Kd3 Rf1
65.Re3 Bh4 66.Ke4 Rg1 67.d6 Rxg4+ 68.Kd5 Rg5+ 69.Re5 Rg4 70.Rc8 Bg3 71.Rf5 Rg6
72.d7 Rd6+ 73.Kc5  1-0

[Event "Cancan Veterans-Women"]
[Site "Roquebrune"]
[Date "1998.09.10"]
[Round "4"]
[White "Chiburdanidze, Maia"]
[Black "Kortschnoj, Viktor"]
[Result "0-1"]
[WhiteElo "2525"]
[BlackElo "2625"]

1.d4 Nf6 2.c4 e6 3.Nc3 Bb4 4.Qc2 O-O 5.e4 c5 6.a3 Qa5 7.e5 cxd4 8.exf6 dxc3
9.axb4 Qxa1 10.bxc3 e5 11.Nf3 d5 12.cxd5 Bf5 13.Qd2 Rc8 14.c4 Nd7 15.Be2 Nxf6
16.O-O Ne4 17.Qe3 Qc3 18.Bd3 Bg6 19.Nh4 Nd6 20.Nxg6 hxg6 21.c5 Nf5 22.Bxf5 Qxe3
23.Bxc8 Qb3 24.Bxb7 Rb8 25.c6 Qxd5 26.Be3 a6 27.Bxa6 Qxc6 28.b5 Qc4 29.Rc1 Qe2
30.h3 f5 31.Ra1 Ra8 32.Bb6 Qb2 33.Ra4 f4 34.f3 g5 35.Kh2 g4 36.hxg4 Kf7 37.Re4 Qa1  0-1

[Event "Cancan Veterans-Women"]
[Site "Roquebrune"]
[Date "1998.09.11"]
[Round "5"]
[White "Taimanov, Mark E"]
[Black "Chiburdanidze, Maia"]
[Result "0-1"]
[WhiteElo "2455"]
[BlackElo "2525"]

1.c4 e5 2.Nc3 Bb4 3.g3 Bxc3 4.bxc3 d6 5.Bg2 Nc6 6.Nf3 f5 7.O-O Nf6 8.d3 O-O
9.Rb1 Na5 10.Ne1 Rb8 11.Nc2 Be6 12.Nb4 c6 13.Be3 Ng4 14.Bxa7 Ra8 15.Be3 f4
16.Bd2 Qg5 17.h3 Nf6 18.e4 Qg6 19.g4 h5 20.f3 hxg4 21.hxg4 Qg5 22.Rf2 Kf7
23.Be1 Rh8 24.Kf1 Rh2 25.Nd5 cxd5 26.cxd5 Bxg4 27.fxg4 Nxg4 28.Qf3 Kg8 29.Kg1 Rh6
30.Rbb2 Nh2 31.Qd1 Rh3 32.Bd2 Qg3 33.Bc1 f3  0-1

[Event "Cancan Veterans-Women"]
[Site "Roquebrune"]
[Date "1998.09.12"]
[Round "6"]
[White "Chiburdanidze, Maia"]
[Black "Smyslov, Vassily"]
[Result "1-0"]
[WhiteElo "2525"]
[BlackElo "2500"]

1.d4 d5 2.c4 c6 3.Nf3 Nf6 4.e3 dxc4 5.Bxc4 e6 6.O-O Nbd7 7.Qe2 Be7 8.e4 a6
9.Nc3 O-O 10.Bg5 h6 11.Bd2 Re8 12.Rac1 Nf8 13.Bd3 Bd7 14.a3 c5 15.e5 N6h7
16.dxc5 Bxc5 17.Be4 Qb8 18.Rfd1 Rd8 19.b4 Bb6 20.Be3 Bc7 21.Bc5 Bc6 22.Bxc6 bxc6
23.Nd4 Ng6 24.Nxc6 Rxd1+ 25.Nxd1 Qe8 26.Bd4 Qd7 27.Ne3 Ng5 28.g3 Ne7 29.Nxe7+ Qxe7
30.h4 Nh7 31.Rc6 Qd7 32.Qc4 Bd8 33.a4 Nf8 34.a5 Ng6 35.h5 Ne7 36.Rd6 Qb7
37.Bb6 Bxb6 38.Rxb6 Qf3 39.Qg4 Qxg4 40.Nxg4 Nd5 41.Rb7 Rc8 42.Ne3 Nxe3 43.fxe3 Rc2
44.Rb6 Rb2 45.Kf1 Kh7 46.Ke1 g6 47.g4 Kg7 48.Kd1 Rg2 49.Rxa6 Rxg4 50.b5 gxh5
51.Ke2 h4 52.Rc6 h3 53.Rc1 h2 54.Kf2 Rc4 55.Rh1 Rc5 56.Kg2 Rxb5 57.Ra1 Rb2+
58.Kh1 Kg6 59.a6 Rb8 60.Kxh2 Kf5 61.a7 Ra8 62.Ra5 Kg4 63.Kg2 h5 64.Kf2 h4
65.Kg2 Kf5 66.Kf3 Kg5 67.Ra4 Kf5 68.Ra5 Kg5 69.Kg2 Kg4 70.Kh2 Kf5 71.Kh3 Kg5
72.Ra4 Kf5 73.Kxh4 Kxe5 74.Kg5 f5 75.Kg6 Kd6 76.Ra5 Ke7 77.Kg7 Kd6 78.Kf6 Rf8+
79.Kg5 Rg8+ 80.Kf4 Ra8 81.Ra1 Kd5 82.Ra4 Kd6 83.Ra5  1-0

[Event "Cancan Veterans-Women"]
[Site "Roquebrune"]
[Date "1998.09.14"]
[Round "7"]
[White "Hort, Vlastimil"]
[Black "Chiburdanidze, Maia"]
[Result "1-0"]
[WhiteElo "2525"]
[BlackElo "2525"]

1.e4 c6 2.d4 d5 3.Nd2 dxe4 4.Nxe4 Bf5 5.Ng3 Bg6 6.h4 h6 7.Nf3 Nf6 8.h5 Bh7
9.Bd3 Bxd3 10.Qxd3 e6 11.Bd2 Nbd7 12.O-O-O Be7 13.Kb1 O-O 14.Ne4 c5 15.Be3 Nxe4
16.Qxe4 c4 17.d5 Nf6 18.Qxc4 Nxd5 19.Bd4 Qa5 20.g4 Rfc8 21.Qb3 Qb4 22.Qxb4 Nxb4
23.c3 Nd5 24.Rdg1 Bf6 25.Bxf6 gxf6 26.Rd1 Rc4 27.Rd4 Rac8 28.Rhd1 Kg7 29.Rxc4 Rxc4
30.Nd4 a6 31.Kc2 b5 32.a3 Ne7 33.Re1 f5 34.b3 Rc8 35.gxf5 Nxf5 36.Nxf5+ exf5
37.f4 Kf6 38.Rd1 Ke6 39.Re1+ Kf6 40.Rd1 Ke6 41.Rd4 Rg8 42.c4 bxc4 43.bxc4 Rg3
44.c5 Rxa3 45.c6 Ra2+ 46.Kb3 Ra1 47.Rc4 Rb1+ 48.Ka4 Rb8 49.c7 Rc8 50.Ka5 Kd5
51.Rc1 Ke4 52.Kxa6 Kxf4 53.Kb7 Re8 54.c8=Q Rxc8 55.Kxc8 Kg4 56.Kd7 Kxh5 57.Rg1  1-0

[Event "Cancan Veterans-Women"]
[Site "Roquebrune"]
[Date "1998.09.15"]
[Round "8"]
[White "Chiburdanidze, Maia"]
[Black "Spassky, Boris V"]
[Result "1/2-1/2"]
[WhiteElo "2525"]
[BlackElo "2545"]

1.d4 d5 2.c4 e6 3.Nc3 Be7 4.Nf3 Nf6 5.Bg5 h6 6.Bh4 O-O 7.e3 b6 8.Bd3 Bb7
9.O-O Nbd7 10.Qe2 dxc4 11.Bxc4 Ne4 12.Bg3 Ndf6 13.Nxe4 Nxe4 14.Rfd1 Bd6 15.Rac1 Qe7
16.Ba6 Bd5 17.Bxd6 cxd6 18.a3 f5 19.Ne1 Bb7 20.Rc2 Rac8 21.Rdc1 Rxc2 22.Rxc2 Nf6
23.Bxb7 Qxb7 24.Qc4 Nd5 25.Nd3 Rf7 26.Qc8+ Qxc8 27.Rxc8+ Rf8 28.Rc6 Rd8 29.Nb4 Nxb4
30.axb4 Rd7 31.Kf1 Kf7 32.Ke2 Ke7 33.Kd3 d5 34.f3 Rd8 35.Rc7+ Rd7 36.Rc6 Rd6  1/2-1/2